Pokémon - Les attaques de Torterra - Statistiques

Statistiques générales
  • Ce quiz a été pris 54 fois
  • Le résultat moyen est 11 sur 14
Statistiques - réponses
Niveaux Types Noms des attaques % Correct
Départ Évolution Sol Séisme
98%
Niveau 22 Ténèbres Morsure
93%
Niveau 45 Ténèbres Mâchouille
90%
Départ Normal Charge
83%
Niveau 51 Plante Giga-Sangsue
79%
Niveau 27 Plante Méga-Sangsue
79%
Niveau 57 Plante Tempête Verte
76%
Départ N.13 Plante Tranch'Herbe
76%
Départ N.5 Eau Repli
74%
Départ N.9 Plante Vol-Vie
74%
Niveau 17 Spectre Malédiction
71%
Niveau 33 Plante Vampigraine
71%
Niveau 39 Plante Synthèse
69%
Départ Plante Martobois
57%
Aucun quiz correspondant
Distribution des résultats
% des personnes avec chaque résultat
Percentile par nombre de réponses
Votre historique - résultats
Vous n’avez pas pris ce quiz